Score 0/24 Timer 03:00
2 Plays Today
Hint 4 letter word % Correct
Noise that a lion makesROAR
97.5%
To fly high in the airSOAR
94.5%
The fourth planet from The SunMARS
92.4%
Natural satellite of EarthMOON
91.1%
Clothing worn around waist of trousersBELT
85.5%
The Sun is the one at the centre of our Solar SystemSTAR
85.3%
Sounds made by cowsMOOS
84.9%
To make something solid turn into a liquidMELT
83.5%
To complainMOAN
82.3%
Horse coat in which some hairs are colored and some are whiteROAN
77.7%
Not straightBENT
77.2%
The Microsoft search engineBING
75.4%
Hint 4 letter word % Correct
Flesh used as foodMEAT
74.3%
Personification of death in Roman mythologyMORS
73.7%
One of several bands of ice orbiting Saturn in a disc shapeRING
73.3%
Someone from England, Scotland or WalesBRIT
70.6%
Unruly childBRAT
69.1%
To have made a telephone callRANG
66.5%
Arabic patronym meaning daughterBINT
61%
Periodic variations in volume due to interference between sounds of slightly different frequenciesBEAT
60.2%
Le ____: French city home to the Circuit de la SartheMANS
49.5%
17460 ____: Main belt asteroid between rung 9 and JupiterMANG
43.9%
____ milĂ´h: Circumcision ceremony to Ashkenazi JewsBRIS
31.6%
Dwarf planet and the ninth most massive body orbiting The SunERIS
13.9%

Today's Daily Dose

Remove Ads.
Support Sporcle.
Get the best of Sporcle when you Go Orange. This ad-free experience offers more features, more stats, and more fun while also helping to support Sporcle. Thank you for becoming a member.

You're not logged in!

Compare scores with friends on all Sporcle quizzes.
OR
Log In

Show Comments

Extras

Top Quizzes Today


Score Distribution

Your Account Isn't Verified!

In order to create a playlist on Sporcle, you need to verify the email address you used during registration. Go to your Sporcle Settings to finish the process.

Report this User

Report this user for behavior that violates our Community Guidelines.

Details: